Pixelated United States Map in 60 Seconds - Statistics

General Stats
  • This quiz has been taken 3,766 times
  • The average score is 202 of 332
Answers on the Map
Answers color-coded by a green-red scale on the quiz's map according to % correct below.
 
Answer Stats
State % Correct
California
93%
Texas
91%
Alaska
85%
Washington
84%
Florida
83%
Oregon
77%
Montana
73%
Nevada
72%
Arizona
71%
New York
69%
Idaho
66%
New Mexico
65%
Colorado
64%
Utah
64%
Hawaii
63%
North Dakota
58%
Maine
55%
Michigan
55%
Wyoming
54%
Georgia
52%
Minnesota
52%
South Dakota
52%
Kansas
51%
Alabama
48%
Ohio
48%
Nebraska
45%
Oklahoma
44%
Wisconsin
42%
Illinois
41%
Iowa
41%
Louisiana
40%
Mississippi
40%
Arkansas
37%
Missouri
34%
Indiana
33%
North Carolina
33%
Pennsylvania
31%
Virginia
30%
South Carolina
28%
Tennessee
28%
Kentucky
27%
Vermont
26%
Massachusetts
24%
Connecticut
19%
Maryland
19%
West Virginia
14%
No matching quizzes found
Score Distribution
Percent of People with Each Score
Percentile by Number Answered
Your Score History
You have not taken this quiz